| 000 | 01275nam a22002535i 4500 | ||
|---|---|---|---|
| 001 | 153467 | ||
| 003 | ES-MaACL | ||
| 005 | 20251218183318.0 | ||
| 008 | 941129m18851889sp |||| | spa d | ||
| 080 | _a63(031) | ||
| 245 | 0 | 0 |
_aDiccionario enciclopédico de agricultura, ganadería e industrias rurales / _cbajo la dirección de los Sres. M. López Martínez, J. Hidalgo Tablada y M. Prieto y Prieto ; con la colaboración de los más distinguidos y reputados agrónomos. |
| 260 |
_aMadrid : _bViuda e Hijos de J. Cuesta, editores, _c1885-1889 ( _fEstab. Tip. de E. Cuesta, a cargo de J. Giráldez) |
||
| 300 |
_a8 v. : _bil. ; _c25 cm. |
||
| 530 | _aDisponible en formato digital. | ||
| 597 | _at. I. (672 p.) -- t. II. (704 p.) -- t. III. (742 p.) -- t. IV. (743 p.) -- t. V. (704 p.) -- t. VI. (759 p.) -- t. VII (703 p.) -- t. VIII (726 p.) | ||
| 597 | _aTexto a dos col. | ||
| 650 | 4 |
_aAgricultura- _vEnciclopedias. _9156912 |
|
| 700 | 1 |
_aLópez Martínez, Miguel. _9227548 |
|
| 700 | 1 |
_aTallada Hidalgo, J. _9133108 |
|
| 700 | 1 |
_aPrieto y Prieto, Manuel, _dm. 1885 _9156866 |
|
| 852 | 4 |
_aES-MaACL _jF-4374-81 _z- Enc. en pasta |
|
| 856 | 4 |
_uhttp://bdh-rd.bne.es/viewer.vm?id=0000004923&page=1 _zBiblioteca Digital Hispánica |
|
| 999 |
_c153467 _d153467 |
||